00666 a2200193 4500010001400000020002300014035001300037037001800050082001000068090001500078245006900093260004100162270005300203300002400256700001700280942002500297999001500322952013500337 aENG-85641 a8175244216c500.00 aEN-69174 bD.B.Act / Pub14a613.7 c3275d32751 aPhysical fitness and healthcedited and compiled by Rachna Jain aNew DelhibKhel Sahitya Kendrac2006 a7/26, Ansari Road, Darya GanjbNew Delhie110002 a316 p.c21 cm.(Hb.)1 aJain, Rachna adplcENk613.7 / PHY c3212d3212 00102ddc40718NFICaDBADbDBADeDBAD/PUBg500.00l0o613.7 PHYpEN-69174 r2008-09-15 00:00:00t1u3767v500.00w2008-09-15yEN